Konštrukčný návrh zariadenia pre plošné tvárnenie

Na minha lista:
Detalhes bibliográficos
Autor principal: Zöld, Jaromír, 1986- (Author)
Outros Autores: Schrek, Alexander, 1967- (Thesis advisor)
Formato: Manuscrito Livro
Idioma:eslovaco
Publicado em: Bratislava : STU v Bratislave SjF, 2010
Assuntos:
Acesso em linha:VAIS
Tags: Adicionar Tag
Sem tags, seja o primeiro a adicionar uma tag!

MARC

LEADER 00000ntm a22000003a 4500
001 stu210481
005 20150617230105.6
008 100907s2010----xo------------------slo-d
040 |a STU  |b slo 
041 0 |a slo 
044 |a xo 
100 1 |a Zöld, Jaromír,  |d 1986-  |4 aut  |u J  |T SjF Strojnícka fakulta  |X 40778  |U J  |Y 20  |7 A000040778 
242 0 0 |a Engineering design of equipment for sheet metal forming  |y eng 
245 1 |a Konštrukčný návrh zariadenia pre plošné tvárnenie 
260 |a Bratislava :  |b STU v Bratislave SjF,  |c 2010 
650 7 |a bending  |2 estusub 
650 7 |a ťahanie  |2 stusub 
650 7 |a cutting  |2 estusub 
650 7 |a tool  |2 estusub 
650 7 |a strihanie  |2 stusub 
650 7 |a ohýbanie  |2 stusub 
650 7 |a nástroj  |2 stusub 
650 7 |a tvárnenie  |2 stusub 
700 1 |a Schrek, Alexander,  |d 1967-  |4 ths  |u J280  |U SjF Ústav technológií a materiálov  |T SjF Katedra materiálov a technológií  |X 2319  |U J280  |Y 52  |7 A000002319 
856 4 |a info a plný text  |u http://is.stuba.sk/zp/portal_zp.pl?podrobnosti=62395  |3 VAIS 
996 |b 284J039125  |c J*993/BP  |l JJSK  |s A  |a 24  |w stu210481_0001